000 01549nam a2200409 i 4500
001 197747
003 ES-GrU
005 20250912063059.0
007 ta
008 250423s2005 mx 000 0 spa d
020 _a9681677307
035 _a(ES-GrU)b16116185-34cbua_ugr
035 _a(OCoLC)1085756612
040 _aMpons
_dUGR
_bspa
_cES-MaACL
080 _a620
100 1 _aBeder, Sharon
_9241324
_eaut
245 1 0 _aEnergía y poder :
_bla lucha por el control de la electricidad en el mundo /
_cSharon Beder ; traducción de Teresa Carter.
250 _aPrimera edición 2005
260 _aMéxico :
_bFondo de Cultura Económica,
_c2005.
300 _a702 páginas ;
_c18 cm.
336 _2rdacontent
_atexto
337 _2rdamedia
_asin mediación
338 _2rdacarrier
_avolumen
490 1 _aColección popular (Fondo de Cultura Económica) ;
_v664
650 7 _aPolítica energética
_9161693
650 7 _aElectricidad
_2embne
_912159
650 0 _aPrivatización
_2EMBUS
_9241325
650 0 _aDistribución de energía eléctrica
_2UGRAU
_9241326
650 7 _aIndustria eléctrica
_9165597
700 1 _aCarter, Teresa
_9241327
_etrl
852 _aES-MaACL
_cDEPOJ
_jN-10658
_hDonación: José Lázaro García
_xEncuadernación rústica
_9206784
903 _9234219
_aLázaro García, José
_ednr
942 _cMONOGRAFIA
_n0
999 _c197747
_d197747